| 000 | 00744nam a2200193 a 4500 | ||
|---|---|---|---|
| 008 | 100728s2005 ||||||||||||||||| || u | ||
| 020 | _a9780324225099 | ||
| 050 | _aHF 5415.2 Chu | ||
| 100 | _aChurchill, Gilbert A | ||
| 245 | 1 | 0 |
_aMarketing research: methodological foundations. -- 9th ed. _cGilbert A. Churchill, Dawn Iacobucci |
| 250 | _a9th ed. | ||
| 260 |
_aMason, Ohio: _bSouth Western _c2005 |
||
| 300 | _axxii, 697p.: ill. | ||
| 350 | _a0.00 | ||
| 650 | 0 | _aMARKETING--MANAGEMENT--CASE STUDIES | |
| 650 | 0 | _aMARKETING RESEARCH | |
| 700 | _aIacobucci, Dawn | ||
| 995 |
_D0.00 _FCBU-MAIN LIBRARY (Kitwe) _H1 _I0.00 _M1 _UAVAILABLE _WAug 12, 2010 _ZMain Library Open Access Collection |
||
| 999 |
_c50506 _d50506 |
||